Normal view
MARC view
- Worry
Entry Topical Term
001 - CONTROL NUMBER
- control field: 1309
003 - CONTROL NUMBER IDENTIFIER
- control field: OSt
005 - DATE AND TIME OF LATEST TRANSACTION
- control field: 20170504121529.0
008 - FIXED-LENGTH DATA ELEMENTS
- fixed length control field: 170504|| aca||aabn | a|a d
040 ## - CATALOGING SOURCE
- Original cataloging agency: OSt
- Transcribing agency: OSt
150 ## - HEADING--TOPICAL TERM
- Topical term or geographic name entry element: Worry
670 ## - SOURCE DATA FOUND
- Source citation: Work cat.: (OSt)0: Carnegie, Dale, 1888-1955 1308, Ke arah hidup tenteram dan bahagia = how to stop worrying and start living /, 1995

PORTAL AKMAL
E-MEL JKDM
AKMAL2U
G-BAM
u-PUSTAKA